000 00482nam a2200181Ia 4500
005 20250508153207.0
008 008 250505s9999 xx 000 0 eng d
037 _aTextual
040 _aFEDL
_beng
_cFEDL
041 _aeng
_2eng
084 _a925.74, MAN
_qFEDL
100 _aMann A L
_9762485
245 0 _aFamous biologists
260 _aLondon, UK
_bMuseum Press Limited
_c1963
300 _a127p.
942 _cTEXL
_h925.74, MAN
999 _c1341161
_d1341161